| 000 | 00462nam a2200169Ia 4500 | ||
|---|---|---|---|
| 008 | 230718s9999 xx 000 0 und d | ||
| 041 | _aeng | ||
| 082 |
_a332.64'5 _bHUL |
||
| 100 | _aHull J.C. | ||
| 245 | _aOptions, Futures And Other Derivatives | ||
| 250 | _a7th ed. | ||
| 260 |
_c2010 _bPearson Education |
||
| 300 | _a841 | ||
| 365 |
_cRs. _b499.00 |
||
| 700 |
_aHull J.C. & Basu S. _9111858 |
||
| 906 |
_dO:0037905-Nov-2009B:172928-Sep-2009 _cGENRL _b99.8 |
||
| 999 |
_c323055 _d323055 |
||